|
|
|
|
| LEADER |
02691nam a2200733 i 4500 |
| 001 |
nkc20253673774 |
| 003 |
CZ PrNK |
| 005 |
20250505094839.0 |
| 007 |
ta |
| 008 |
250221s2022 xr a g f 000 0 cze |
| 015 |
|
|
|a cnb003673774
|
| 020 |
|
|
|a 978-80-907485-3-8
|q (brožováno)
|
| 035 |
|
|
|a (OCoLC)1519102474
|
| 040 |
|
|
|a BOA001
|b cze
|e rda
|
| 072 |
|
7 |
|a 27-4
|x Praktická teologie. Morální teologie
|2 Konspekt
|9 5
|
| 080 |
|
|
|a 27-423
|2 MRF
|
| 080 |
|
|
|a 2-423.3-544.7
|2 MRF
|
| 080 |
|
|
|a 159.955.5
|2 MRF
|
| 080 |
|
|
|a 27-58-472
|2 MRF
|
| 080 |
|
|
|a 27-185.5
|2 MRF
|
| 080 |
|
|
|a 27
|2 MRF
|
| 080 |
|
|
|a 27-4
|2 MRF
|
| 080 |
|
|
|a 27-23-534.6
|2 MRF
|
| 080 |
|
|
|a 2-474-256-277
|2 MRF
|
| 080 |
|
|
|a 2-231
|2 MRF
|
| 080 |
|
|
|a 279.14-1/-9
|2 MRF
|
| 080 |
|
|
|a (0.062)
|2 MRF
|
| 100 |
1 |
|
|a Dvořáková, Alena,
|d 1976-
|7 xx0329651
|4 aut
|
| 245 |
1 |
0 |
|a Poslední zápas o život :
|b tři andělé volají... /
|c napsala Alena Dvořáková
|
| 250 |
|
|
|a 1. vydání
|
| 264 |
|
1 |
|a Praha :
|b Péče o zdraví Adventime z.s.,
|c 2022
|
| 300 |
|
|
|a 137 stran :
|b barevné ilustrace ;
|c 21 cm
|
| 336 |
|
|
|a text
|b txt
|2 rdacontent
|
| 337 |
|
|
|a bez média
|b n
|2 rdamedia
|
| 338 |
|
|
|a svazek
|b nc
|2 rdacarrier
|
| 504 |
|
|
|a Obsahuje bibliografické odkazy
|
| 650 |
0 |
7 |
|a dobro a zlo
|7 ph114334
|2 czenas
|
| 650 |
0 |
7 |
|a duchovní rozlišování
|7 ph353331
|x křesťanské pojetí
|2 czenas
|
| 650 |
0 |
7 |
|a rozhodování
|7 ph125259
|x křesťanské pojetí
|2 czenas
|
| 650 |
0 |
7 |
|a duchovní vedení
|7 ph119638
|x křesťanské pojetí
|2 czenas
|
| 650 |
0 |
7 |
|a spása
|7 ph162849
|x křesťanské pojetí
|2 czenas
|
| 650 |
0 |
7 |
|a křesťanský život
|7 ph122132
|2 czenas
|
| 650 |
0 |
7 |
|a biblická proroctví
|7 ph138451
|2 czenas
|
| 650 |
0 |
7 |
|a biblická interpretace
|7 ph118847
|2 czenas
|
| 650 |
0 |
7 |
|a biblické citáty
|7 ph118853
|2 czenas
|
| 650 |
0 |
7 |
|a učení adventismu
|7 ph139370
|2 czenas
|
| 650 |
0 |
9 |
|a good and evil
|2 eczenas
|
| 650 |
0 |
9 |
|a spiritual discernment
|x Christian approach
|2 eczenas
|
| 650 |
0 |
9 |
|a decision making
|x Christian approach
|2 eczenas
|
| 650 |
0 |
9 |
|a spiritual leadership
|x Christianapproach
|2 eczenas
|
| 650 |
0 |
9 |
|a salvation
|x Christian approach
|2 eczenas
|
| 650 |
0 |
9 |
|a Christian life
|2 eczenas
|
| 650 |
0 |
9 |
|a Biblical prophecies
|2 eczenas
|
| 650 |
0 |
9 |
|a Biblical interpretation
|2 eczenas
|
| 650 |
0 |
9 |
|a Biblical quotations
|2 eczenas
|
| 650 |
0 |
9 |
|a Adventist doctrine
|2 eczenas
|
| 655 |
|
7 |
|a populárně-naučné publikace
|7 fd131864
|2 czenas
|
| 655 |
|
9 |
|a popular works
|2 eczenas
|
| 910 |
2 |
|
|a BOA001
|b 2-1486.730
|
| 928 |
9 |
|
|a Adventime
|
| 990 |
|
|
|a BK
|
| 995 |
|
|
|a 01
|
| 991 |
|
|
|b 202502
|c NOV
|
| 996 |
6 |
|
|b 2610995646
|c 2-1486.730
|l MZK
|r Sklad / do 1 hodiny
|n 0
|p p.v.
|w 001996296
|u 000010
|a 1
|e BOA001
|j MZK50
|s P
|